Вып. 13; Кибернетика и вуз

書誌詳細
Parent link:Кибернетика и вуз: межвузовский научно-технический сборник/ Томский политехнический институт. Вып. 13.— , 1969-
その他の著者: Горбунова Н. Я. (редактор), Антипова Т. И., Капа Л. Н., Каляцкий И. И. Иван Иванович
言語:ロシア語
出版事項: 1978
主題:
フォーマット: MixedMaterials 図書
KOHA link:https://koha.lib.tpu.ru/cgi-bin/koha/opac-detail.pl?biblionumber=184618

MARC

LEADER 00000nam2a2200000 4500
001 184618
005 20231031172444.0
035 |a (RuTPU)RU\TPU\book\200209 
035 |a RU\TPU\book\119525 
090 |a 184618 
100 |a 20100915c1978 k a0rusy5003 ca 
101 0 |a rus 
102 |a RU 
105 |a a z 001zy 
200 0 |a Вып. 13  |f под ред. Н. Я. Горбуновой, Т. И. Антиповой, Л. Н. Капа; отв. ред. И. И. Каляцкий 
210 |d 1978 
215 |a 137 с.  |c ил. 
306 |a Изд. выходит с 1969 г. 
461 1 |0 (RuTPU)RU\TPU\book\139782  |t Кибернетика и вуз  |o межвузовский научно-технический сборник  |f Томский политехнический институт  |v Вып. 13  |d 1969- 
610 1 |a высшие учебные заведения 
610 1 |a автоматизированные системы планирования 
610 1 |a управление 
610 1 |a автоматизация 
610 1 |a автоматизированные системы управления 
610 1 |a труды учёных ТПУ 
675 |a 378.1  |z rus 
702 1 |a Горбунова  |b Н. Я.  |4 340 
702 1 |a Антипова  |b Т. И.  |4 340 
702 1 |a Капа  |b Л. Н.  |4 340 
702 1 |a Каляцкий  |b И. И.  |c российский электротехник  |c ректор Томского политехнического института в 1970-1984, профессор  |f 1927-2005  |g Иван Иванович  |2 stltpush  |3 (RuTPU)RU\TPU\pers\14030  |4 340 
801 0 |a RU  |b RuMRKP  |c 19950704  |g psbo 
801 1 |a RU  |b 63413507  |c 20070228  |g PSBO 
801 2 |a RU  |b 63413507  |c 20160728  |g PSBO 
942 |c BK